000 00284nam a2200121Ia 4500
008 231129s1984||||xx |||||||||||||| ||spa||
040 _bspa
082 _a370 T147
245 0 _aLos talleres pedagógicos
260 _c1984
264 _aColegio Rafael Uribe Uribe
942 _2ddc
_cBKS
999 _c20083
_d20083